China's road and prospect : (Record no. 27469)
[ view plain ]
| 000 -LEADER | |
|---|---|
| fixed length control field | 01993cam a22004575a 4500 |
| 001 - CONTROL NUMBER | |
| control field | ocn884423190 |
| 003 - CONTROL NUMBER IDENTIFIER | |
| control field | EG-ScBUE |
| 005 - DATE AND TIME OF LATEST TRANSACTION | |
| control field | 20200128124328.0 |
| 008 - FIXED-LENGTH DATA ELEMENTS--GENERAL INFORMATION | |
| fixed length control field | 140723s2013 cc a f 100 0 eng d |
| 020 ## - INTERNATIONAL STANDARD BOOK NUMBER | |
| International Standard Book Number | 9787508526850 (pbk.) |
| 035 ## - SYSTEM CONTROL NUMBER | |
| System control number | (OCoLC)ocn884423190 |
| 035 ## - SYSTEM CONTROL NUMBER | |
| System control number | (OCoLC)884423190 |
| 040 ## - CATALOGING SOURCE | |
| Original cataloging agency | SINLB |
| Language of cataloging | eng |
| Description conventions | rda |
| Transcribing agency | SINLB |
| Modifying agency | OCLCO |
| -- | YUS |
| -- | EG-ScBUE |
| 041 1# - LANGUAGE CODE | |
| Language code of text/sound track or separate title | eng |
| Language code of original and/or intermediate translations of text | chi |
| 043 ## - GEOGRAPHIC AREA CODE | |
| Geographic area code | a-cc--- |
| 082 04 - DEWEY DECIMAL CLASSIFICATION NUMBER | |
| Classification number | 951.0072 |
| Item number | CHI |
| Edition number | 22 |
| 111 2# - MAIN ENTRY--MEETING NAME | |
| Meeting name or jurisdiction name as entry element | World Forum on China Studies |
| Number of part/section/meeting | (5nd : |
| Date of meeting | 2013 : |
| Location of meeting | Shanghai zhan lan zhong xin) |
| 240 10 - UNIFORM TITLE | |
| Uniform title | <a href="中国道路与前景 : 第五届世界中国学论坛实录.">中国道路与前景 : 第五届世界中国学论坛实录.</a> |
| Language of a work | English |
| 245 10 - TITLE STATEMENT | |
| Title | China's road and prospect : |
| Remainder of title | record of the 5th World Forum on China Studies = Zhongguo dao lu yu qian jing : di wu jie shi jie Zhongguo xue lun tan shi lu / |
| Statement of responsibility, etc | edited by the Institute of China Studies, SASS ; translated by Pan Zhongming & Ego. |
| 246 30 - VARYING FORM OF TITLE | |
| Title proper/short title | Record of the 5th World Forum on China Studies |
| 246 31 - VARYING FORM OF TITLE | |
| Title proper/short title | Zhongguo dao lu yu qian jing : |
| Remainder of title | di wu jie shi jie Zhongguo xue lun tan shi lu |
| 250 ## - EDITION STATEMENT | |
| Linkage | First edition. |
| 264 #1 - PUBLICATION, DISTRIBUTION, ETC. (IMPRINT) | |
| Place of publication, distribution, etc | Beijing : |
| Name of publisher, distributor, etc | China Intercontinental Press, |
| Date of publication, distribution, etc | 2013. |
| 300 ## - PHYSICAL DESCRIPTION | |
| Extent | 387 pages : |
| Other physical details | illustrations ; |
| Dimensions | 27 cm |
| 336 ## - CONTENT TYPE | |
| Source | rdacontent |
| Content type term | text |
| Content type code | txt |
| 337 ## - MEDIA TYPE | |
| Source | rdamedia |
| Media type term | unmediated |
| Media type code | n |
| 338 ## - CARRIER TYPE | |
| Source | rdacarrier |
| Carrier type term | volume |
| Carrier type code | nc |
| 546 ## - LANGUAGE NOTE | |
| Language note | Text in English ; translated from the original Chinese language. |
| 650 #7 - SUBJECT ADDED ENTRY--TOPICAL TERM | |
| Topical term or geographic name as entry element | Globalization |
| Geographic subdivision | China |
| Form subdivision | Congresses. |
| Source of heading or term | BUEsh |
| 651 #7 - SUBJECT ADDED ENTRY--GEOGRAPHIC NAME | |
| Geographic name | China |
| General subdivision | Civilization |
| Form subdivision | Congresses. |
| Source of heading or term | BUEsh |
| 651 #7 - SUBJECT ADDED ENTRY--GEOGRAPHIC NAME | |
| Geographic name | China |
| General subdivision | History |
| Form subdivision | Congresses. |
| Source of heading or term | BUEsh |
| 651 #7 - SUBJECT ADDED ENTRY--GEOGRAPHIC NAME | |
| Geographic name | China |
| General subdivision | Economic conditions |
| Chronological subdivision | 2000- |
| Form subdivision | Congresses. |
| Source of heading or term | BUEsh |
| 651 #7 - SUBJECT ADDED ENTRY--GEOGRAPHIC NAME | |
| Geographic name | China |
| General subdivision | Social conditions |
| Chronological subdivision | 2000- |
| Form subdivision | Congresses. |
| Source of heading or term | BUEsh |
| 653 ## - INDEX TERM--UNCONTROLLED | |
| Resource For college | Generalities |
| Arrived date list | May2019 |
| 655 ## - INDEX TERM--GENRE/FORM | |
| Form subdivision | Reading book |
| 700 1# - ADDED ENTRY--PERSONAL NAME | |
| Personal name | Pan, Zhongming, |
| Relator term | translator. |
| 700 0# - ADDED ENTRY--PERSONAL NAME | |
| Personal name | Ego, |
| Relator term | translator. |
| 710 2# - ADDED ENTRY--CORPORATE NAME | |
| Corporate name or jurisdiction name as entry element | Shanghai academy of social sciences. |
| Subordinate unit | World institute of chinese studies, |
| Relator term | editor. |
| 942 ## - ADDED ENTRY ELEMENTS (KOHA) | |
| Source of classification or shelving scheme | Dewey Decimal Classification |
| Koha item type | Book - Borrowing |
| Withdrawn status | Lost status | Source of classification or shelving scheme | Damaged status | Not for loan | Collection code | Home library | Current library | Shelving location | Date acquired | Source of acquisition | Total Checkouts | Full call number | Barcode | Date last seen | Koha item type |
|---|---|---|---|---|---|---|---|---|---|---|---|---|---|---|---|
| Dewey Decimal Classification | Donation-Gift | Central Library | Central Library | Ground Floor | 21/05/2019 | Donation | 951.0072 CHI | 000047843 | 15/07/2025 | Book - Borrowing |